00648nam a2200193Ia 450000500170000000800410001704000190005804100120007708200130008910000310010224501020013326000400023530000180027570000220029385000100031594200070032599900160033295201060034820230127095312.0131103s9999 xx 000 0 und d aLoreto College aEnglish a832bGOE aGoethe,Johann Wolfgang Von aFaustcby Johann WolfgangVon Goethe; with illustration by Harry Clark;translated by Bayard Taylor aNew YorkbHartsdale Housec[19 - ?] a252 p.b ill. aClark,Harry,:ill. aLCLIB cBK c5208d55687 00102ddc4070aMAINbMAINd2013-11-04l3o832 GOE pB5076r2023-11-21s2023-10-17w2013-11-04yBKf